Σχεδίαση συστήματος για την υποστήριξη των διαδικασιών συντήρησης και βελτίωσης της βιωσιμότητας των ενυδρείων : διπλωματική εργασία

Στην παρούσα διπλωματική εργασία, με θέμα "Σχεδίαση συστήματος για την υποστήριξη των διαδικασιών συντήρησης και βελτίωσης της βιωσιμότητας των ενυδρείων", μελετήθηκαν οι απαιτήσεις και οι ιδιαιτερότητες του νερού καθώς και οι ανάγκες των ψαριών υπό αιχμαλωσία. Η μελέτη αξιοποίησε στοιχεία...

Πλήρης περιγραφή

Αποθηκεύτηκε σε:
Λεπτομέρειες βιβλιογραφικής εγγραφής
Κύριος συγγραφέας: Παππά, Ιωάννα
Συγγραφή απο Οργανισμό/Αρχή: Πανεπιστήμιο Αιγαίου. Τμήμα Μηχανικών Σχεδίασης Προϊόντων και Συστημάτων
Άλλοι συγγραφείς: Σπύρου, Θωμάς (Εισηγητής διατριβής)
Μορφή: Thesis Βιβλίο
Γλώσσα:Greek
Δημοσίευση: 2010
Θέματα:
Διαθέσιμο Online:http://hdl.handle.net/11610/9171
Ετικέτες: Προσθήκη ετικέτας
Δεν υπάρχουν, Καταχωρήστε ετικέτα πρώτοι!

MARC

LEADER 00000cam a2200000 i 4500
001 1/14212
008 110720s2010 gre d
035 |l 10110495 
040 |a GR-MY-UA  |b gre  |e aacr 
041 0 |a gre 
082 0 |a 639.34  |2 (22) 
100 1 |a Παππά, Ιωάννα. 
245 1 0 |a Σχεδίαση συστήματος για την υποστήριξη των διαδικασιών συντήρησης και βελτίωσης της βιωσιμότητας των ενυδρείων :  |b διπλωματική εργασία /  |c Παππά Ιωάννα ; επιβλέπων καθηγητής: Θωμάς Σπύρου 
260 |c 2010 
300 |a 105 φύλλα;  |c 30 εκ. 
500 |a Διάθεση πλήρους κειμένου ελεύθερης πρόσβασης 
502 |a Πτυχιακή εργασία – Πανεπιστήμιο Αιγαίου, Σύρος, 2010. 
504 |a Βιβλιογραφία: σ. 84-87 
520 |a Στην παρούσα διπλωματική εργασία, με θέμα "Σχεδίαση συστήματος για την υποστήριξη των διαδικασιών συντήρησης και βελτίωσης της βιωσιμότητας των ενυδρείων", μελετήθηκαν οι απαιτήσεις και οι ιδιαιτερότητες του νερού καθώς και οι ανάγκες των ψαριών υπό αιχμαλωσία. Η μελέτη αξιοποίησε στοιχεία σχετικά με το περιβάλλον των ψαριών μέσα σε ένα ενυδρείο καθώς και τις ανάγκες του ενυδρείου για συντήρηση και καθαρισμό. Στη συνέχεια έγινε η σχεδίαση ενός συστήματος που αντιμετωπίζει το πρόβλημα της συντήρησης σχετικά με το περιβάλλον των ψαριών μέσα σε ένα ενυδρείο και του ελέγχου της κατάστασης των ενυδρείων, ώστε να είναι σωστή η λειτουργία τους και να επιτυγχάνεται η βιωσιμότητα των ψαριών. Με αυτόν τον τρόπο δημιουργείται ένα σύστημα ανάλυσης των παραμέτρων του νερού ενός ενυδρείου με σκοπό την συνεχή παρακολούθησή του και την πρόληψη των προβλημάτων που επηρεάζουν την ομαλή διαβίωση των ζωντανών οργανισμών που φιλοξενούνται σε αυτό. Η ΔΕ ολοκληρώνεται με τη σχεδίαση και πιλοτική υλοποίηση ενός συστήματος ελέγχου και υποστήριξης της διαδικασίας συντήρησης και βελτίωσης της βιωσιμότητας των ψαριών. Στην πιλοτική αυτή φάση, το σύστημα αφορά σε δύο βασικούς παράγοντες του ελέγχου της ποιότητας του νερού, αλλά έχει σχεδιαστεί με τέτοιο τρόπο ώστε να είναι εύκολο να γίνει προσαρμογή για μετρήσεις όλων των παραμέτρων του νερού 
650 0 0 |a Aquacultural engineering. 
650 0 0 |a Aquariums. 
650 0 0 |a Aquarium water. 
650 0 0 |a Information storage and retrieval systems  |x Water quality. 
650 0 0 |a Dissertations, Academic  |z Greece. 
700 1 |a Σπύρου, Θωμάς.  |4 ths 
710 2 |a Πανεπιστήμιο Αιγαίου.   |b Τμήμα Μηχανικών Σχεδίασης Προϊόντων και Συστημάτων. 
852 |a INST  |b SYROS  |c DIATR  |e 20110720  |h 639.34 ΠΑΠ  |p 005500009656  |q 005500009656  |t DIE  |y 23 
852 |a INST  |b SYROS  |c DIATR  |e 20110720  |h 639.34 ΠΑΠ  |p 005500009657  |q 005500009657  |t DIE  |y 23 
856 |u http://hdl.handle.net/11610/9171 
901 |a BIBL5-2010-2 
909 |a Ε  |b 165666 
909 |a Ε  |b 165667 
924 |a ΠΑΠΠΑ  |b ΙΩΑΝΝΑ  |y ΣΥΡΟΣ  |z 2010-11 
970 |a ΚΟΝΤΟΥ  |b ΠΑΡΑΣΚΕΥΗ  |z 2011/07/20